000
00204 a2200097 4500
001
19886
100
_a
Greene, J E
245
_a
100 great scientists
260
_a
_b
Pocket book
_c
090
_c
14508
_d
14508
942
_a
NUST-CAE
_c
M
_c
5012
999
_c
254959
_d
254959